Stray leaves from an artic journal or eighteen months in the polar regions in search of Sir John Franklin's expedition in 1850, 1851. To wich is added the career, last voyage, and fate of Captain Sir John Franklin. By Captain Sherard Osborn, C.B., Royal Navy. A new edition

Zapisane w:
Opis bibliograficzny
1. autor: Osborn, Sherard (Autor)
Format: Książka
Język:angielski
Wydane: Londres William Blackwood and sons 1865
Wydanie:2a. ed
Hasła przedmiotowe:
Etykiety: Dodaj etykietę
Nie ma etykietki, Dołącz pierwszą etykiete!

MARC

LEADER 00000nam a2200000 a 4500
001 UCJ5520
003 CL-VaPUC
008 070124e18650000UK |||||||||||||||||eng|d
082 0 4 |a 910.4  |b OSB  |2 21 
100 0 |a Osborn, Sherard  |e author  |9 510767 
245 1 0 |a Stray leaves from an artic journal or eighteen months in the polar regions in search of Sir John Franklin's expedition in 1850, 1851. To wich is added the career, last voyage, and fate of Captain Sir John Franklin. By Captain Sherard Osborn, C.B., Royal Navy. A new edition 
250 |a 2a. ed 
300 |a x, 334 p 
942 |c BK 
945 |d 20070124 00:00:00  |a rinostro 
260 |a Londres  |b William Blackwood and sons  |c 1865 
500 |a Mapa fuera de texto, al final 
600 0 7 |a FRANKLIN, JOHN  |2 CL-VaPUC  |9 510768 
650 0 |a Viajes  |9 257115 
650 7 |a EXPEDICIONES  |2 CL-VaPUC  |9 268484 
650 7 |a RESCATES  |2 CL-VaPUC  |9 505719 
650 7 |a BIOGRAFIA  |2 CL-VaPUC  |9 504622 
650 0 |a Mapas  |9 260844 
651 7 |a REGION ARTICA  |2 CL-VaPUC  |9 366377 
583 |a last modification  |c 20070124 00:00:00  |k Rodrigo Vera 
999 |c 321629  |d 321627 
952 |0 0  |1 0  |4 0  |6 910_400000000000000_OSB_1865  |7 0  |8 X  |9 400423  |a FDOBUD  |b FDOBUD  |d 2019-11-22  |i 1035770  |o 910.4 OSB 1865  |p 1035770  |r 2019-11-22  |w 2019-11-22  |y BK_X  |k BUD